00420nam a2200157Ia 4500008004100000040001900041041001200060082002500072100001300097245003200110260003900142300001900181440002500200650001900225850001800244131103s9999 xx 000 0 und d aLoreto College aEnglish a843/STEbLCLIB/11734 aStendhal aScarlet and blackcStendhal aHarmondsworthbPenguin Booksc1964 a509p. c 18cm. aThe penguin classics aFrench fiction aLCLIB/843/STE